[Event "Aeroflot Open 2015"]
[Site "Moscú RUS"]
[Date "2015.03.27"]
[Round "1.7"]
[White "Matlakov, Maxim"]
[Black "Lu, Shanglei"]
[Result "0-1"]
[WhiteElo "2693"]
[BlackElo "2570"]
[PlyCount "112"]
[EventDate "2015.03.27"]
[EventType "swiss"]
[EventRounds "9"]
[EventCountry "RUS"]
[Source "lmi"]
[SourceDate "2015.03.27"]

1. d4 d5 2. c4 e6 3. Nc3 Nf6 4. cxd5 exd5 5. Bg5 c6 6. Qc2 Na6 7. e3 Nb4 8. Qb1
g6 9. Qd1 a5 10. a3 Na6 11. Bd3 Be7 12. Nf3 Nc7 13. h3 Ne6 14. Bh4 Ng7 15. O-O
O-O 16. Qb3 Ra7 17. Bg3 Be6 18. Qc2 Nf5 19. Bf4 Bd6 20. Ne2 Re8 21. Ne5 Nh5 22.
Bh2 Nh4 23. f4 Ng7 24. Rae1 f6 25. Nf3 Nxf3+ 26. Rxf3 Bf5 27. g4 Bxd3 28. Qxd3
f5 29. Ng3 Qf6 30. gxf5 Nxf5 31. Nxf5 Qxf5 32. Qxf5 gxf5 33. Rg3+ Kf7 34. Rg5
h6 35. Rg2 Ra6 36. Kf1 Rb6 37. Bg1 Be7 38. Rc2 Rb3 39. Bf2 Bf6 40. Ree2 a4 41.
Bg1 Rc8 42. Bf2 b6 43. Be1 c5 44. Bb4 c4 45. Bc3 Re8 46. Rc1 Bh4 47. Ra1 b5 48.
Kg2 Rg8+ 49. Kh2 Be7 50. Rg2 Rxg2+ 51. Kxg2 Ke6 52. Kf3 Kd7 53. Ke2 Kc6 54. Kd2
b4 55. axb4 Bxb4 56. Kc2 a3 0-1

[Event "Aeroflot Open 2015"]
[Site "Moscú RUS"]
[Date "2015.03.27"]
[Round "1.8"]
[White "Yilmaz, Mustafa"]
[Black "Sasikiran, Krishnan"]
[Result "0-1"]
[WhiteElo "2570"]
[BlackElo "2682"]
[PlyCount "158"]
[EventDate "2015.03.27"]
[EventType "swiss"]
[EventRounds "9"]
[EventCountry "RUS"]
[Source "lmi"]
[SourceDate "2015.03.27"]

1. d4 d5 2. c4 c6 3. Nf3 Nf6 4. e3 Bg4 5. h3 Bh5 6. Nc3 e6 7. Qb3 Qb6 8. Nh4
Be7 9. g4 Bg6 10. Nxg6 hxg6 11. Bg2 g5 12. Bd2 Nbd7 13. O-O-O Qxb3 14. axb3 Nb6
15. c5 Nbd7 16. b4 a6 17. f3 Nf8 18. e4 Ng6 19. Rhe1 Nf4 20. Bxf4 gxf4 21. Kc2
g5 22. Bf1 Kf8 23. Ra1 Rd8 24. e5 Nd7 25. Nd1 Nb8 26. Nf2 Re8 27. Nd3 Kg7 28.
Kd2 Bd8 29. Kc3 Bc7 30. Re2 f6 31. Rae1 Nd7 32. Ra1 Re7 33. Ree1 Ree8 34. Re2
Ra8 35. Ree1 fxe5 36. dxe5 Nf8 37. Kd4 Ng6 38. Bg2 Rhb8 39. Ra4 Rh8 40. Rea1
Rab8 41. Re1 Nh4 42. Bh1 Rh7 43. Rf1 Ng6 44. Bg2 Ne7 45. Re1 Rbh8 46. Raa1 Ng6
47. Rf1 Nh4 48. Bh1 Kf7 49. Rf2 Ke7 50. Rff1 Kd7 51. Rf2 Rb8 52. Re2 Ng6 53.
Bg2 Ne7 54. Ree1 Rbh8 55. Rh1 Ng6 56. Rhf1 Nh4 57. Bh1 Rg7 58. Rfe1 Rgg8 59.
Ra4 Ra8 60. Rea1 Rhc8 61. R4a3 Ra7 62. Ra4 Rca8 63. R4a3 a5 64. Ra4 Ra6 65.
bxa5 Bxa5 66. b3 Bd2 67. R1a2 Rxa4+ 68. bxa4 Ba5 69. Bg2 b6 70. Rb2 Kc7 71. Bh1
Ra7 72. Rc2 bxc5+ 73. Kxc5 Rb7 74. Kd4 Rb3 75. Nc5 Bb6 76. a5 Ba7 77. a6 Rb5
78. Rc3 Rxc5 79. Rxc5 Kb8 0-1

[Event "Aeroflot Open 2015"]
[Site "Moscú RUS"]
[Date "2015.03.27"]
[Round "1.9"]
[White "Fedoseev, Vladimir"]
[Black "Sandipan, Chanda"]
[Result "1-0"]
[WhiteElo "2674"]
[BlackElo "2569"]
[PlyCount "119"]
[EventDate "2015.03.27"]
[EventType "swiss"]
[EventRounds "9"]
[EventCountry "RUS"]
[Source "lmi"]
[SourceDate "2015.03.27"]

1. d4 d5 2. c4 c6 3. Nf3 Nf6 4. Nc3 e6 5. Bg5 h6 6. Bh4 dxc4 7. e4 g5 8. Bg3 b5
9. Be2 Bb7 10. O-O Nbd7 11. Ne5 Bg7 12. Nxd7 Nxd7 13. Bd6 a6 14. a4 b4 15. d5
exd5 16. exd5 Ne5 17. dxc6 Bxc6 18. Bxb4 Rb8 19. Bd6 Rb7 20. Qd4 Qb6 21. Qxb6
Rxb6 22. Rfe1 Kd8 23. Rad1 Nd3 24. Bxd3 cxd3 25. Rxd3 Kc8 26. Rc1 Kb7 27. Ba3
Rc8 28. a5 Bb5 29. Rf3 Rf6 30. Rg3 Rf4 31. h3 Bd4 32. Rc2 Rc6 33. Rd2 Re6 34.
Nxb5 Re1+ 35. Kh2 axb5 36. Rg4 Bxf2 37. Rxf4 Bg1+ 38. Kg3 gxf4+ 39. Kg4 Re4 40.
Bf8 Be3 41. Rd7+ Ka6 42. Rxf7 Re6 43. Kf5 Rc6 44. b4 Rc2 45. Rg7 h5 46. Bd6 Rd2
47. Rg6 Ka7 48. h4 Rd5+ 49. Ke4 Rd4+ 50. Kf3 Rc4 51. g3 Rc3 52. gxf4 Bc5+ 53.
Ke4 Rc4+ 54. Ke5 Bxd6+ 55. Rxd6 Rxb4 56. f5 Rb1 57. f6 Re1+ 58. Kf5 b4 59. f7
b3 60. Rb6 1-0

[Event "Aeroflot Open 2015"]
[Site "Moscú RUS"]
[Date "2015.03.27"]
[Round "1.10"]
[White "Stupak, Kirill"]
[Black "Grachev, Boris"]
[Result "1/2-1/2"]
[WhiteElo "2567"]
[BlackElo "2673"]
[PlyCount "73"]
[EventDate "2015.03.27"]
[EventType "swiss"]
[EventRounds "9"]
[EventCountry "RUS"]
[Source "lmi"]
[SourceDate "2015.03.27"]

1. d4 d5 2. Nf3 Nf6 3. c4 e6 4. g3 Bb4+ 5. Bd2 Be7 6. Bg2 O-O 7. Qc2 c6 8. O-O
Nbd7 9. Rd1 b6 10. Bf4 Bb7 11. Nc3 dxc4 12. Nd2 Nd5 13. Nxc4 Nxf4 14. gxf4 Qc7
15. e3 Rac8 16. Rac1 Rfd8 17. a4 a6 18. Qb3 b5 19. Ne5 Nxe5 20. fxe5 c5 21.
Bxb7 Qxb7 22. axb5 cxd4 23. exd4 Bg5 24. Ra1 axb5 25. Qxb5 Qxb5 26. Nxb5 Rb8
27. Nc3 Rxb2 28. Ra2 Rxa2 29. Nxa2 f6 30. Nc3 fxe5 31. dxe5 Rxd1+ 32. Nxd1 Bf4
33. Nc3 Bxe5 34. Ne4 Bf4 35. h3 Kf7 36. Kg2 Kg6 37. f3 1/2-1/2

[Event "Aeroflot Open 2015"]
[Site "Moscú RUS"]
[Date "2015.03.27"]
[Round "1.11"]
[White "Petrosian, Tigran L"]
[Black "Kotronias, Vasilios"]
[Result "1-0"]
[WhiteElo "2671"]
[BlackElo "2565"]
[PlyCount "157"]
[EventDate "2015.03.27"]
[EventType "swiss"]
[EventRounds "9"]
[EventCountry "RUS"]
[Source "lmi"]
[SourceDate "2015.03.27"]

1. b3 e5 2. Bb2 Nc6 3. e3 a6 4. c4 Nf6 5. Nf3 e4 6. Nd4 d6 7. Nxc6 bxc6 8. Qc2
d5 9. Nc3 Be7 10. d3 O-O 11. O-O-O Bg4 12. Rd2 exd3 13. Bxd3 Be6 14. h3 Qc8 15.
cxd5 cxd5 16. g4 c5 17. g5 c4 18. gxf6 cxd3 19. Rxd3 Bxf6 20. Nxd5 Bxd5 21.
Rxd5 Qb7 22. Qd2 Rad8 23. e4 Qe7 24. Bxf6 Qxf6 25. Kb1 Rxd5 26. exd5 Qf5+ 27.
Kb2 Qe5+ 28. Qc3 Qxd5 29. Re1 g6 30. Re5 Qd6 31. f4 Qf6 32. Re4 Qf5 33. Rc4 Re8
34. a4 h5 35. Ka3 h4 36. Rc6 a5 37. Rc5 Qxf4 38. Rxa5 Kh7 39. Ra7 Qd6+ 40. b4
Qf4 41. a5 g5 42. Ka4 Qf5 43. Rc7 Re2 44. Rxf7+ Qxf7 45. Qd3+ Kh6 46. Qxe2 Qd7+
47. b5 Qxh3 48. a6 Qd7 49. Qf2 h3 50. a7 Qb7 51. Qf6+ Kh7 52. Qf5+ Kg7 53.
Qxg5+ Kh7 54. Qh4+ Kg6 55. Qg3+ Kf7 56. Qf2+ Kg6 57. Qc2+ Kg7 58. Qc3+ Kf7 59.
Qc4+ Kg7 60. Qd4+ Kf7 61. Qf4+ Kg7 62. Qg3+ Kf7 63. Qxh3 Qxa7+ 64. Kb3 Qd4 65.
Qc3 Qb6 66. Qe5 Qa5 67. Kc4 Qa3 68. Kd5 Qc1 69. b6 Qd2+ 70. Kc6 Qc2+ 71. Kb7
Qg2+ 72. Kb8 Kg6 73. b7 Qa2 74. Kc7 Qc4+ 75. Kd8 Qd3+ 76. Ke8 Qb3 77. b8=Q Qf7+
78. Kd8 Qg8+ 79. Qe8+ 1-0

[Event "Aeroflot Open 2015"]
[Site "Moscú RUS"]
[Date "2015.03.27"]
[Round "1.12"]
[White "Oparin, Grigoriy"]
[Black "Sjugirov, Sanan"]
[Result "1/2-1/2"]
[WhiteElo "2562"]
[BlackElo "2669"]
[PlyCount "48"]
[EventDate "2015.03.27"]
[EventType "swiss"]
[EventRounds "9"]
[EventCountry "RUS"]
[Source "lmi"]
[SourceDate "2015.03.27"]

1. e4 c5 2. Nf3 d6 3. d4 cxd4 4. Nxd4 Nf6 5. Nc3 a6 6. Be3 e5 7. Nb3 Be7 8. h3
Be6 9. f4 Nc6 10. Qe2 Bxb3 11. axb3 Nb4 12. g3 d5 13. fxe5 Nxe4 14. Nxe4 dxe4
15. Bg2 Qc7 16. Bxe4 Qxe5 17. Bf4 Qxb2 18. O-O Qd4+ 19. Kh2 O-O 20. Rad1 Qc5
21. Be3 Qc7 22. Bf4 Qc5 23. Be3 Qc7 24. Bf4 Qc5 1/2-1/2

[Event "Aeroflot Open 2015"]
[Site "Moscú RUS"]
[Date "2015.03.27"]
[Round "1.13"]
[White "Kovalenko, Igor"]
[Black "Can, Emre"]
[Result "1-0"]
[WhiteElo "2661"]
[BlackElo "2555"]
[PlyCount "81"]
[EventDate "2015.03.27"]
[EventType "swiss"]
[EventRounds "9"]
[EventCountry "RUS"]
[Source "lmi"]
[SourceDate "2015.03.27"]

1. d4 Nf6 2. c4 g6 3. Nc3 Bg7 4. e4 d6 5. Nf3 O-O 6. Be2 e5 7. O-O Nc6 8. d5
Ne7 9. b4 c6 10. a4 a5 11. bxa5 Qxa5 12. Bd2 c5 13. Kh1 Qd8 14. Ra3 Kh8 15. Ne1
Nd7 16. Nd3 Ng8 17. Qc1 Ra6 18. Rg1 Nb6 19. Nb2 f5 20. exf5 gxf5 21. f4 Nd7 22.
Nb5 Ngf6 23. Nd3 Ne4 24. Be1 Bh6 25. Rf1 Ndf6 26. Bh4 Bd7 27. Qb2 exf4 28. Nxf4
Bg7 29. Qc2 Qc8 30. Rh3 Re8 31. Bd3 Ng4 32. Nh5 Be5 33. Bxe4 fxe4 34. Qxe4 Rxa4
35. Rhf3 Bxb5 36. Rf7 Bg7 37. Qf3 Ne5 38. Qg3 Ng6 39. Bf6 Bxf6 40. Nxf6 Re7 41.
Qxg6 1-0

[Event "Aeroflot Open 2015"]
[Site "Moscú RUS"]
[Date "2015.03.27"]
[Round "1.14"]
[White "Mozharov, Mikhail"]
[Black "Mamedov, Rauf"]
[Result "1/2-1/2"]
[WhiteElo "2555"]
[BlackElo "2658"]
[PlyCount "158"]
[EventDate "2015.03.27"]
[EventType "swiss"]
[EventRounds "9"]
[EventCountry "RUS"]
[Source "lmi"]
[SourceDate "2015.03.27"]

1. d4 Nf6 2. c4 g6 3. g3 c6 4. Nf3 Bg7 5. Bg2 d5 6. cxd5 cxd5 7. Nc3 O-O 8. Ne5
Bf5 9. O-O Ne4 10. Bf4 Nxc3 11. bxc3 Nc6 12. Qb3 Nxe5 13. dxe5 e6 14. Qxb7 g5
15. Be3 Bxe5 16. Rac1 Qf6 17. c4 Rab8 18. Qxa7 Ra8 19. Qc5 Rfc8 20. Qb4 Rab8
21. Qa5 Bb2 22. cxd5 Bxc1 23. Bxc1 Rb1 24. Qd2 h6 25. dxe6 Qxe6 26. Ba3 Qb6 27.
Qd5 Rxf1+ 28. Bxf1 Qb1 29. Qb3 Qe1 30. Qb4 Qd1 31. g4 Be6 32. Bb2 Qd5 33. h3
Qc4 34. Qe7 Qf4 35. e3 Qf3 36. Bg2 Qd1+ 37. Kh2 Qd8 38. Qxd8+ Rxd8 39. Kg3 Bxa2
40. Bd4 Bd5 41. Bf1 Rc8 42. Bd3 Rc1 43. f3 Rd1 44. Be2 Rd2 45. Bb5 Kf8 46. Bf6
Ra2 47. e4 Bb3 48. h4 Bd1 49. Bf1 Ra3 50. Bg2 Ra5 51. hxg5 hxg5 52. e5 Be2 53.
Bxg5 Rxe5 54. Bf6 Rb5 55. Bh4 Kg7 56. Be7 Rb7 57. Bd8 Rd7 58. Ba5 Kf6 59. Bc3+
Ke6 60. Bg7 Rd3 61. Bh6 Rb3 62. Kf2 Bc4 63. Bf4 Bd5 64. Be3 Rb1 65. Bf4 Kd7 66.
Kg3 Kc6 67. Be3 Rb3 68. Kf4 Kb5 69. Bf1+ Bc4 70. Bxc4+ Kxc4 71. Ke4 Rb7 72. Bg5
Rb6 73. f4 Re6+ 74. Kf5 Kd3 75. Bf6 Ke3 76. g5 Kf3 77. g6 Rxf6+ 78. Kxf6 fxg6
79. Kxg6 Kxf4 1/2-1/2

[Event "Aeroflot Open 2015"]
[Site "Moscú RUS"]
[Date "2015.03.27"]
[Round "1.15"]
[White "Zvjaginsev, Vadim"]
[Black "Gabuzyan, Hovhannes"]
[Result "1-0"]
[WhiteElo "2658"]
[BlackElo "2553"]
[PlyCount "49"]
[EventDate "2015.03.27"]
[EventType "swiss"]
[EventRounds "9"]
[EventCountry "RUS"]
[Source "lmi"]
[SourceDate "2015.03.27"]

1. e4 c5 2. c3 e6 3. d4 b6 4. Bd3 Bb7 5. Nf3 Nf6 6. Qe2 cxd4 7. cxd4 Bb4+ 8.
Nbd2 Nc6 9. O-O O-O 10. Rd1 Rc8 11. a3 Be7 12. b4 d6 13. Bb2 a5 14. d5 exd5 15.
exd5 Ne5 16. Bf5 Ned7 17. Ne4 Re8 18. Nfg5 Nxe4 19. Bxh7+ Kf8 20. Nxe4 Nf6 21.
Ng5 Qd7 22. Qf3 Qb5 23. Bf5 Rcd8 24. Qh3 Kg8 25. Bh7+ 1-0

[Event "Aeroflot Open 2015"]
[Site "Moscú RUS"]
[Date "2015.03.27"]
[Round "1.16"]
[White "Wagner, Dennis"]
[Black "Motylev, Alexander"]
[Result "1/2-1/2"]
[WhiteElo "2549"]
[BlackElo "2653"]
[PlyCount "99"]
[EventDate "2015.03.27"]
[EventType "swiss"]
[EventRounds "9"]
[EventCountry "RUS"]
[Source "lmi"]
[SourceDate "2015.03.27"]

1. d4 d5 2. c4 c6 3. Nf3 Nf6 4. e3 Bg4 5. Nc3 e6 6. h3 Bxf3 7. Qxf3 Nbd7 8. Bd3
Bb4 9. O-O O-O 10. Qd1 Ba5 11. Bd2 Re8 12. Qb3 Rb8 13. Rfd1 Bc7 14. Be1 a6 15.
Qc2 Qe7 16. Bf1 Rbc8 17. b3 e5 18. g3 e4 19. Rac1 Nf8 20. b4 Ne6 21. Bg2 Qd7
22. Qe2 h5 23. b5 h4 24. bxc6 bxc6 25. gxh4 Qd6 26. f4 g6 27. c5 Qd7 28. Qxa6
Ra8 29. Qe2 Ng7 30. a4 Nf5 31. Ra1 Kg7 32. Rdb1 Nh5 33. Nd1 Bd8 34. a5 Nhg3 35.
Bxg3 Nxg3 36. Qg4 Nf5 37. a6 Bxh4 38. Ra2 Bf6 39. Qe2 Ra7 40. Ra4 Rea8 41. Nf2
Qc8 42. Bf1 Ng3 43. Qg4 Nf5 44. Rb3 Rxa6 45. Rxa6 Rxa6 46. Bxa6 Qxa6 47. Qd1
Qa2 48. Rc3 Qb2 49. Rb3 Qa2 50. Rc3 1/2-1/2

[Event "Aeroflot Open 2015"]
[Site "Moscú RUS"]
[Date "2015.03.27"]
[Round "1.17"]
[White "Khismatullin, Denis"]
[Black "Ernst, Sipke"]
[Result "1/2-1/2"]
[WhiteElo "2650"]
[BlackElo "2530"]
[PlyCount "132"]
[EventDate "2015.03.27"]
[EventType "swiss"]
[EventRounds "9"]
[EventCountry "RUS"]
[Source "lmi"]
[SourceDate "2015.03.27"]

1. Nf3 d5 2. g3 c6 3. Bg2 Bg4 4. c4 Nf6 5. Ne5 Be6 6. cxd5 Bxd5 7. Nf3 c5 8.
O-O e6 9. Nc3 Bc6 10. d3 Be7 11. e4 Nbd7 12. Qe2 Qb6 13. Rd1 Qa6 14. Bf4 O-O
15. a3 Rad8 16. b4 b6 17. Rab1 Ba8 18. Rdc1 Rfe8 19. b5 Qc8 20. Nd2 e5 21. Be3
Nf8 22. Nc4 Qc7 23. Bh3 h6 24. a4 Bd6 25. a5 Ne6 26. a6 Nd4 27. Qf1 Ne6 28. f3
Bf8 29. Rd1 g6 30. Ne2 Bg7 31. Bc1 Re7 32. Bb2 Ne8 33. Bc3 Ng5 34. Bg2 Nd6 35.
Na3 Ne6 36. Bh3 f5 37. Qf2 Rf8 38. Qe3 Nd4 39. Bg2 g5 40. Rf1 Qd7 41. Bxd4 exd4
42. Qd2 fxe4 43. fxe4 Rxf1+ 44. Rxf1 Nxb5 45. Nxb5 Qxb5 46. h4 c4 47. hxg5 Qxg5
48. Qa2 b5 49. Rf5 Qe3+ 50. Kh2 Re5 51. Nf4 Rxf5 52. exf5 Bxg2 53. Qxg2 cxd3
54. Qd5+ Kh8 55. f6 Bxf6 56. Qa8+ Kh7 57. Qxa7+ Bg7 58. Qd7 Qf2+ 59. Kh3 Qf1+
60. Kh2 Qf2+ 61. Kh3 Qf1+ 62. Kg4 Qd1+ 63. Kh4 Qh1+ 64. Kg4 Qd1+ 65. Kh4 Qh1+
66. Kg4 Qd1+ 1/2-1/2

[Event "Aeroflot Open 2015"]
[Site "Moscú RUS"]
[Date "2015.03.27"]
[Round "1.20"]
[White "Al-Sayed, Mohammed"]
[Black "Iturrizaga Bonelli, Eduardo"]
[Result "1/2-1/2"]
[WhiteElo "2511"]
[BlackElo "2630"]
[PlyCount "30"]
[EventDate "2015.03.27"]
[EventType "swiss"]
[EventRounds "9"]
[EventCountry "RUS"]
[Source "lmi"]
[SourceDate "2015.03.27"]

1. d4 Nf6 2. c4 e6 3. Nf3 b6 4. g3 Bb7 5. Bg2 g6 6. O-O Bg7 7. Nc3 Ne4 8. Bd2
O-O 9. Ne5 Nxc3 10. Bxc3 Bxg2 11. Kxg2 d6 12. Nf3 c5 13. Qd2 Qe7 14. Rad1 Nc6
15. dxc5 dxc5 1/2-1/2

[Event "Aeroflot Open 2015"]
[Site "Moscú RUS"]
[Date "2015.03.27"]
[Round "1.21"]
[White "Khairullin, Ildar"]
[Black "Svane, Rasmus"]
[Result "1-0"]
[WhiteElo "2630"]
[BlackElo "2509"]
[PlyCount "111"]
[EventDate "2015.03.27"]
[EventType "swiss"]
[EventRounds "9"]
[EventCountry "RUS"]
[Source "lmi"]
[SourceDate "2015.03.27"]

1. Nf3 d5 2. g3 g6 3. Bg2 Bg7 4. c4 c6 5. Qa4 d4 6. d3 e5 7. O-O Ne7 8. Nbd2
O-O 9. b4 Nd7 10. Bb2 a5 11. a3 b6 12. Qc2 Bb7 13. Rfe1 Qc7 14. e3 dxe3 15.
fxe3 c5 16. bxc5 bxc5 17. Nb1 e4 18. Bxg7 exf3 19. Bxf8 Rxf8 20. Bh3 f5 21. Nc3
Ne5 22. Rad1 f2+ 23. Qxf2 Nf3+ 24. Kf1 Nxe1 25. Qxe1 Rd8 26. Qe2 Qb6 27. Rb1
Qc6 28. e4 fxe4 29. Nxe4 Nf5 30. Bg2 Bc8 31. Kg1 Nd4 32. Qe3 Rf8 33. Qh6 Qc7
34. Ng5 Qg7 35. Qxg7+ Kxg7 36. Ne4 Bf5 37. Nxc5 Ne2+ 38. Kh1 Rc8 39. Rb5 a4 40.
Be4 Nc3 41. Bxf5 gxf5 42. Rb7+ Kf6 43. Rb6+ Ke5 44. Ne6 Re8 45. d4+ Ke4 46. Kg2
f4 47. Nxf4 Kxd4 48. Rb4 Re3 49. Nd5 Re2+ 50. Kh3 Ne4 51. Nf4 Re3 52. Rxa4 Nc5
53. Ra7 Kxc4 54. Rxh7 Rxa3 55. Re7 Kd4 56. Ne6+ 1-0

[Event "Aeroflot Open 2015"]
[Site "Moscú RUS"]
[Date "2015.03.27"]
[Round "1.23"]
[White "Salgado Lopez, Ivan"]
[Black "Batchuluun, Tsegmed"]
[Result "1-0"]
[WhiteElo "2627"]
[BlackElo "2499"]
[PlyCount "139"]
[EventDate "2015.03.27"]
[EventType "swiss"]
[EventRounds "9"]
[EventCountry "RUS"]
[Source "lmi"]
[SourceDate "2015.03.27"]

1. e4 e6 2. d4 d5 3. Nc3 Nf6 4. e5 Nfd7 5. f4 c5 6. Nf3 Nc6 7. Be3 cxd4 8. Nxd4
Qb6 9. Qd2 Qxb2 10. Rb1 Qa3 11. Bb5 Nxd4 12. Bxd4 a6 13. Bxd7+ Bxd7 14. Rb3 Qe7
15. Rxb7 Qh4+ 16. Bf2 Qd8 17. Bb6 Qc8 18. Rc7 Qd8 19. Qd4 Ba3 20. Nb1 Be7 21.
c4 Rc8 22. Rb7 Bb4+ 23. Kf2 Qxb6 24. Rxb6 Bc5 25. Rd1 Bxd4+ 26. Rxd4 dxc4 27.
Nc3 Ke7 28. Rb7 Rhd8 29. Ke3 Rb8 30. Ra7 Ra8 31. Rc7 Rac8 32. Rdxc4 Rxc7 33.
Rxc7 Rb8 34. Ne4 Kd8 35. Ra7 Rb2 36. Nc5 Be8 37. Nb7+ Ke7 38. Nd6+ Bd7 39. Nc4
Rb4 40. Kd3 f6 41. Kc3 Rb1 42. a4 Kd8 43. Rxa6 Ra1 44. Ra8+ Ke7 45. Ra7 Kd8 46.
Nb6 Bc6 47. Rxg7 fxe5 48. fxe5 h5 49. g3 Ra2 50. h4 Bxa4 51. Nxa4 Rxa4 52. Kd3
Ke8 53. Ke3 Kf8 54. Rg5 Ra3+ 55. Kf4 Ra4+ 56. Kf3 Ra3+ 57. Kg2 Kf7 58. Rxh5 Kg6
59. Rg5+ Kh6 60. Kf2 Rb3 61. Rg8 Rb5 62. g4 Rxe5 63. h5 Kh7 64. Rg6 Re4 65. Kf3
Re1 66. Kf4 e5+ 67. Kg5 e4 68. Re6 e3 69. h6 Ra1 70. Re7+ 1-0

[Event "Aeroflot Open 2015"]
[Site "Moscú RUS"]
[Date "2015.03.27"]
[Round "1.24"]
[White "Idani, Pouya"]
[Black "Vidit, Santosh Gujrathi"]
[Result "0-1"]
[WhiteElo "2496"]
[BlackElo "2625"]
[PlyCount "132"]
[EventDate "2015.03.27"]
[EventType "swiss"]
[EventRounds "9"]
[EventCountry "RUS"]
[Source "lmi"]
[SourceDate "2015.03.27"]

1. e4 c5 2. Nf3 e6 3. d4 cxd4 4. Nxd4 Nc6 5. Nc3 Qc7 6. Be3 a6 7. Qd2 Nf6 8.
O-O-O Bb4 9. f3 O-O 10. g4 b5 11. g5 Nh5 12. Nxc6 Qxc6 13. Bh3 d6 14. Bg4 g6
15. Qd3 Rd8 16. Ne2 e5 17. a3 Ba5 18. Bxh5 gxh5 19. Bd2 Bb6 20. Nc3 Be6 21. f4
Rac8 22. Be3 Bxe3+ 23. Qxe3 exf4 24. Qxf4 a5 25. e5 dxe5 26. Qxe5 Rxd1+ 27.
Rxd1 b4 28. Qe4 Qc5 29. axb4 axb4 30. Nd5 Bxd5 31. Rxd5 Qg1+ 32. Rd1 Qa7 33.
Qd4 Qa1+ 34. Kd2 Qa5 35. Qe3 Qc7 36. Qe4 Qd8+ 37. Ke2 Qxg5 38. b3 Qg6 39. Qxg6+
hxg6 40. Rd2 Rc3 41. Kf1 Kg7 42. Kg1 Kh6 43. Rf2 f5 44. Rf4 Kg5 45. Rxb4 h4 46.
Rb6 h3 47. Rd6 Rxc2 48. Rd3 Rg2+ 49. Kh1 Kh4 50. Rd4+ Rg4 51. Rd6 f4 52. b4 Rg2
53. b5 g5 54. b6 Rb2 55. Kg1 Kg4 56. Rd1 Rxb6 57. Ra1 Rb2 58. Rf1 Rd2 59. Kh1
Kf5 60. Kg1 Ke4 61. Re1+ Kf3 62. Rf1+ Ke2 63. Rf2+ Ke3 64. Rf1 g4 65. Re1+ Kd3
66. Kh1 Kc2 0-1

[Event "Aeroflot Open 2015"]
[Site "Moscú RUS"]
[Date "2015.03.27"]
[Round "1.26"]
[White "Sanal, Vahap"]
[Black "Bukavshin, Ivan"]
[Result "1/2-1/2"]
[WhiteElo "2487"]
[BlackElo "2618"]
[PlyCount "134"]
[EventDate "2015.03.27"]
[EventType "swiss"]
[EventRounds "9"]
[EventCountry "RUS"]
[Source "lmi"]
[SourceDate "2015.03.27"]

1. e4 e5 2. Nf3 Nc6 3. Bb5 Nf6 4. d3 Bc5 5. Bxc6 dxc6 6. Nbd2 Nd7 7. b3 O-O 8.
Bb2 Re8 9. O-O f6 10. Nc4 Nf8 11. Nh4 Ne6 12. Qd2 Nd4 13. Ne3 Be6 14. c3 Nb5
15. Rad1 Bf8 16. Qe2 Nd6 17. c4 c5 18. Nhf5 a5 19. a4 Qd7 20. Ng3 Nf7 21. Nh5
Bd6 22. Bc3 Qe7 23. Ng4 Bxg4 24. Qxg4 Nh6 25. Qf3 Kh8 26. Bd2 Nf7 27. g4 Rf8
28. h4 b6 29. Kg2 Nd8 30. Ng3 Ne6 31. Be3 g6 32. Rh1 Rad8 33. h5 g5 34. Nf5 Qf7
35. Kf1 Rd7 36. Ke2 Rfd8 37. Rh3 Bf8 38. h6 Rb8 39. Qh1 Qg6 40. Rd2 Nd8 41. Qb1
Nc6 42. Rd1 Rbd8 43. Kf1 Nb4 44. Bc1 Be7 45. Ba3 Nc6 46. Bb2 Kg8 47. Bc3 Kf7
48. Qc2 Rg8 49. Qe2 Ke8 50. Kg2 Kd8 51. Qf3 Kc8 52. Qe2 Kb8 53. Rdh1 Nd8 54.
Bd2 Bf8 55. Rd1 Qe8 56. Rdh1 Rg6 57. Rd1 Nf7 58. Rdh1 Qd8 59. Bc1 Nd6 60. Ne3
Qc8 61. Qf3 Be7 62. Qe2 Rg8 63. Nf5 Rgd8 64. Nxd6 Rxd6 65. Rd1 Bf8 66. Qf3 Qd7
67. Kf1 Qe7 1/2-1/2

[Event "Aeroflot Open 2015"]
[Site "Moscú RUS"]
[Date "2015.03.27"]
[Round "1.27"]
[White "Tregubov, Pavel V"]
[Black "Ankit, R. Rajpara"]
[Result "1/2-1/2"]
[WhiteElo "2617"]
[BlackElo "2477"]
[PlyCount "80"]
[EventDate "2015.03.27"]
[EventType "swiss"]
[EventRounds "9"]
[EventCountry "RUS"]
[Source "lmi"]
[SourceDate "2015.03.27"]

1. d4 d5 2. c4 c6 3. cxd5 cxd5 4. Bf4 Nc6 5. e3 Nf6 6. Nc3 Bg4 7. Qb3 Na5 8.
Qa4+ Bd7 9. Qc2 e6 10. Bd3 Rc8 11. Nf3 Be7 12. O-O Nc6 13. Qe2 Nh5 14. Be5 f6
15. Bg3 Nxg3 16. hxg3 f5 17. a3 h5 18. Na4 g5 19. Nc5 g4 20. Nh4 Bxc5 21. dxc5
Ne5 22. Rac1 Qf6 23. Qd2 Kf7 24. Be2 Kg7 25. f3 Nc6 26. Kh2 Qg5 27. b4 Rhg8 28.
Rfd1 Be8 29. e4 Qxd2 30. Rxd2 fxe4 31. fxe4 dxe4 32. Rc4 Bf7 33. Rxe4 Rgd8 34.
Rxd8 Rxd8 35. Kg1 Rd2 36. Bc4 Kf6 37. Rf4+ Ke7 38. Re4 Kf6 39. Rf4+ Ke7 40. Re4
Kf6 1/2-1/2

[Event "Aeroflot Open 2015"]
[Site "Moscú RUS"]
[Date "2015.03.27"]
[Round "1.28"]
[White "Vishnu Prasanna, V."]
[Black "Anton Guijarro, David"]
[Result "1/2-1/2"]
[WhiteElo "2477"]
[BlackElo "2614"]
[PlyCount "72"]
[EventDate "2015.03.27"]
[EventType "swiss"]
[EventRounds "9"]
[EventCountry "RUS"]
[Source "lmi"]
[SourceDate "2015.03.27"]

1. d4 f5 2. Nf3 Nf6 3. c4 g6 4. Nc3 Bg7 5. Bf4 d6 6. e3 O-O 7. c5 Kh8 8. Qb3
dxc5 9. dxc5 c6 10. Rd1 Qa5 11. Ne5 Nd5 12. Rxd5 cxd5 13. Qxd5 Nc6 14. Bc4 Nd8
15. h4 Be6 16. Qd4 Qb4 17. Bh6 Rf6 18. h5 Nc6 19. Nxc6 bxc6 20. Bxg7+ Kxg7 21.
h6+ Kf8 22. Bxe6 Qxd4 23. exd4 Rxe6+ 24. Kd2 Rb8 25. b3 Kf7 26. Kd3 g5 27. Kc4
g4 28. b4 a6 29. a4 g3 30. fxg3 Rg6 31. b5 axb5+ 32. axb5 cxb5+ 33. Nxb5 Rxg3
34. Rf1 e6 35. Rf2 Ra8 36. c6 Ke7 1/2-1/2

[Event "Aeroflot Open 2015"]
[Site "Moscú RUS"]
[Date "2015.03.27"]
[Round "1.29"]
[White "Khalifman, Alexander"]
[Black "Kuderinov, Kirill"]
[Result "1-0"]
[WhiteElo "2613"]
[BlackElo "2465"]
[PlyCount "77"]
[EventDate "2015.03.27"]
[EventType "swiss"]
[EventRounds "9"]
[EventCountry "RUS"]
[Source "lmi"]
[SourceDate "2015.03.27"]

1. Nf3 Nf6 2. c4 g6 3. g3 Bg7 4. Bg2 O-O 5. O-O d6 6. d4 Nc6 7. Nc3 a6 8. Bf4
Nh5 9. Bg5 h6 10. Bd2 f5 11. d5 Ne5 12. Nxe5 dxe5 13. e4 f4 14. Na4 Qd6 15. Rc1
Qf6 16. Rc3 b6 17. b4 Bd7 18. Nb2 Rad8 19. h3 Bh8 20. a4 c6 21. g4 Ng7 22. f3
cxd5 23. cxd5 Rc8 24. Nd3 Qd6 25. Qb3 e6 26. b5 axb5 27. axb5 exd5 28. Rxc8
Rxc8 29. Bb4 Qf6 30. Qxd5+ Qe6 31. Nxe5 Qxd5 32. exd5 Bxb5 33. Nxg6 Bxf1 34.
Ne7+ Kh7 35. Nxc8 Ba6 36. Nd6 Kg6 37. Bf1 Bxf1 38. Kxf1 h5 39. Ke2 1-0

[Event "Aeroflot Open 2015"]
[Site "Moscú RUS"]
[Date "2015.03.27"]
[Round "1.30"]
[White "Tran, Tuan Minh"]
[Black "Ponkratov, Pavel"]
[Result "0-1"]
[WhiteElo "2455"]
[BlackElo "2613"]
[PlyCount "119"]
[EventDate "2015.03.27"]
[EventType "swiss"]
[EventRounds "9"]
[EventCountry "RUS"]
[Source "lmi"]
[SourceDate "2015.03.27"]

1. Nf3 Nf6 2. c4 c5 3. b3 b6 4. Bb2 Bb7 5. e3 e6 6. Be2 Be7 7. O-O O-O 8. d4
cxd4 9. Nxd4 a6 10. Nc3 d6 11. Bf3 Ra7 12. Bxb7 Rxb7 13. Qf3 Qc8 14. Rfd1 Rc7
15. Rac1 Nbd7 16. Rc2 Ne5 17. Qe2 Qb7 18. f4 Nc6 19. Rcd2 Rfc8 20. Nxc6 Rxc6
21. Qd3 Bf8 22. f5 exf5 23. Qxf5 b5 24. Nd5 Nxd5 25. cxd5 Rc5 26. g3 Qe7 27.
Kg2 g6 28. Qf6 Qxf6 29. Bxf6 Bh6 30. g4 Bg7 31. Bxg7 Kxg7 32. Kf3 Re8 33. Rd4
Rc3 34. R1d3 Rxd3 35. Rxd3 Rc8 36. Rd2 Kf6 37. Ke4 Rc1 38. Rf2+ Ke7 39. Rd2 g5
40. Rf2 h6 41. Rd2 a5 42. Rb2 Kf6 43. Rf2+ Kg6 44. Kd3 Rd1+ 45. Ke4 Rg1 46. h3
Rc1 47. Kd4 b4 48. a3 bxa3 49. Ra2 f5 50. Rxa3 Rd1+ 51. Kc4 f4 52. Rxa5 f3 53.
Ra2 Rh1 54. Kd3 Rxh3 55. Ra6 Rh1 56. Ra2 h5 57. gxh5+ Kxh5 58. Ke4 Kg4 59. Rf2
Rh8 60. Kd4 0-1